Internet zcela nenahradí "živé" konference

Aj keď sa využívajú nové technológie, neznamená to, že tradičné konferencie zamieria "na smetisko dejín", môžu totiž ponúknuť aj ďalšiu pridanú hodnotu založenú na osobnom kontakte a stretávaní sa tvárou v tvár.

Guardado en:
Detalles Bibliográficos
Autor principal: Přikryl, Jan
Formato: Capítulo de libro
Lenguaje:checo
Materias:
Etiquetas: Agregar Etiqueta
Sin Etiquetas, Sea el primero en etiquetar este registro!

MARC

LEADER 00000naa$a2200000$$$4500
001 0087992
005 20231019114245.5
041 0 |a cze 
044 |a CZ 
245 1 0 |a Internet zcela nenahradí "živé" konference  |c Jan Přikryl 
520 |a Aj keď sa využívajú nové technológie, neznamená to, že tradičné konferencie zamieria "na smetisko dejín", môžu totiž ponúknuť aj ďalšiu pridanú hodnotu založenú na osobnom kontakte a stretávaní sa tvárou v tvár. 
610 2 0 |a konferencie 
610 2 0 |a konferencie elektronické 
610 2 0 |a internet 
610 2 0 |a komunikácia elektronická 
610 2 0 |a komunikácia interpersonálna 
100 1 |a Přikryl, Jan